| 000 | 00418nam a2200145Ia 4500 | ||
|---|---|---|---|
| 008 | 211109s9999||||xx |||||||||||||| ||und|| | ||
| 082 |
_a306 _bLEV-S |
||
| 100 | _aLevi Strauss, Claude | ||
| 245 | 0 | _aStructural Anthropology | |
| 260 |
_bCurrent Books _aKottayam Bn 795 _c1963 |
||
| 300 | _a410p. | ||
| 630 | _xGENERAL STACK | ||
| 650 |
_aSocial Science _vSocial Science _xCulture & institutionsGeneralia |
||
| 942 | _cBOOK | ||
| 999 |
_c39486 _d39486 |
||